| 000 | 01101nab a2200241 i 4500 | ||
|---|---|---|---|
| 001 | 180785 | ||
| 003 | ES-MaACL | ||
| 005 | 20250902212236.0 | ||
| 008 | 120712s1913 sp 000 s spa d | ||
| 100 | 1 |
_aRivera Pastor, Francisco, _d1878-1936 _eaut _997663 |
|
| 245 | 1 | 0 |
_aOrientaciones políticas : _bmemoria que actualmente es objeto de discusión en la Sección de Ciencias Morales y Políticas / _cpor Francisco Rivera Pastor |
| 300 | _aPáginas 14-24 | ||
| 594 | _aPrecede al título: Ateneo de Madrid. Sección de Ciencias Morales y Políticas | ||
| 599 | _aRetrato del autor en portada | ||
| 610 | 2 | 4 |
_aAteneo de Madrid. _bSección de Ciencias Morales y Políticas- _vMemorias _91986 |
| 650 | 7 |
_aEstado _2embne _912523 |
|
| 651 | 0 |
_aEspaña- _xPolítica y gobierno- _y1902-1931 _9226938 |
|
| 655 | 4 |
_aConferencias _9234444 |
|
| 710 | 2 |
_aAteneo de Madrid. _bSección de Ciencias Morales y Políticas _eisb _91985 |
|
| 773 | 0 |
_tLa Palabra : revista taquigráfica, _xISSN 2479-7723, _gN. 8 (15 abril 1913), p. 14-24 _02879 _w2879 _92987 |
|
| 942 |
_cANAB _2udc _n0 |
||
| 999 |
_c180785 _d180785 |
||